| 000 | 00846nam a22001937a 4500 | ||
|---|---|---|---|
| 010 | _aB-78501 | ||
| 020 |
_a9788171675418 _c50.00 |
||
| 037 | _bरूपा एंड कंपनी | ||
| 082 |
_22001 _a821.08 |
||
| 100 |
_aप्राणनाथ पंकज _983554 |
||
| 245 |
_aअबिनासी गिरधर की मीराँ / _cप्राणनाथ पंकज _hहिंदी |
||
| 246 | _aABINASI GIRDHAR KI MEERA/ | ||
| 250 | _a2001 | ||
| 260 |
_aनई दिल्ली _bरूपा एंड कंपनी _c2001 |
||
| 270 | _a7/16 अंसारी रोड | ||
| 300 |
_a105 पृष्ठ _c19 सेमी pbk |
||
| 700 |
_aप्राणनाथ पंकज _983554 |
||
| 942 |
_2ddc _cHN _e2001 _h821.08 _kमीराबा _mप्राणनाथ पंकज |
||
| 999 |
_c212769 _d212769 |
||